La crisis política en Guatemala /
Gorde:
| Egile Nagusiak: | , , , , , |
|---|---|
| Formatua: | Ezezaguna |
| Hizkuntza: | Spanish |
| Argitaratua: |
México :
Universidad Autonoma del Estado de Monterrey,
1983.
|
| Gaiak: | |
| Etiketak: |
Etiketa erantsi
Etiketarik gabe, Izan zaitez lehena erregistro honi etiketa jartzen!
|
MARC
| LEADER | 000000000a22000000004500 | ||
|---|---|---|---|
| 001 | 002280 | ||
| 041 | 0 | |a spa | |
| 082 | 0 | 4 | |a 321.8 |b E54c |
| 100 | 1 | |a Emerich, Gustavo Ernesto | |
| 100 | 1 | |a Aguilera Peralta, Gabriel | |
| 100 | 1 | |a Gutiérrez, Luisa | |
| 100 | 1 | |a Ríos, Esteban | |
| 100 | 1 | |a Figueroa Ibarra, Carlos | |
| 100 | 1 | |a Jonas, Susanne | |
| 245 | 1 | 0 | |a La crisis política en Guatemala / |c Gustavo Ernesto Emerich, Gabriel Aguilera Peralta, Luisa Gutiérrez, Esteban Ríos, Carlos Figueroa Ibarra, Susanne Jonas. |
| 260 | 1 | |a México : |b Universidad Autonoma del Estado de Monterrey, |c 1983. | |
| 300 | |a 145 páginas | ||
| 650 | 4 | |a GUATEMALA | |
| 650 | 4 | |a POLITICA Y GOBIERNO | |
| 650 | 4 | |a 1945-1985 | |
| 999 | |c 8802 |d 8802 | ||
| 942 | |c BK |h 321.8 E54c |2 z | ||
